000 00914cab a22001935a 4500
001 L142992
008 080117s2008 xxkad f s 000 0 eng d
035 _a(Sirsi) u143561
041 0 _aeng
100 1 _aMoir, Duncan
245 0 0 _aSome confidence returning
260 _c2008
490 0 _aProperty Forecast
_v11(2) February 2008, 10-11(2)
520 _aAssesses the current state of the commercial auction market. Traces the recent history of the market. Suggests that confidence is returning to the market, although at lower levels than previously. Discusses the reasons for the rise in property values over the past five years. Finds there has been a significant fall in transaction volumes and that retail investors withdrew cash from their UK investment market funds.
590 _aKA
651 4 _aUnited Kingdom
_y
690 _aPROPERTY-COMMERCIAL PROPERTY-COMMERCIAL PROPERTY MARKET
942 _n0
999 _c80217
_d80217